La cabeza de Juan (Registro nro. 2012)
[ vista simple ]
| 000 -LEADER | |
|---|---|
| fixed length control field | 00936nam a22001817a 4500 |
| 003 - CONTROL NUMBER IDENTIFIER | |
| control field | OSt |
| 005 - DATE AND TIME OF LATEST TRANSACTION | |
| control field | 20251020171456.0 |
| 008 - FIXED-LENGTH DATA ELEMENTS--GENERAL INFORMATION | |
| fixed length control field | 251020b |||||||| |||| 00| 0 eng d |
| 020 ## - INTERNATIONAL STANDARD BOOK NUMBER | |
| International Standard Book Number | 9789978482742 |
| 100 ## - MAIN ENTRY--PERSONAL NAME | |
| Personal name | Silvia Braun |
| 245 ## - TITLE STATEMENT | |
| Title | La cabeza de Juan |
| 260 ## - PUBLICATION, DISTRIBUTION, ETC. | |
| Place of publication, distribution, etc. | Quito-Ecuador |
| Name of publisher, distributor, etc. | Velasquez & Velasquez |
| Date of publication, distribution, etc. | 2013 |
| 300 ## - PHYSICAL DESCRIPTION | |
| Extent | 182 |
| Dimensions | 21 cm |
| 500 ## - GENERAL NOTE | |
| General note | Esta novela personifica en la cabeza las angustias y preocupaciones que embargan a Juan y a muchos niños y niñas pre-adolescentes durante su vida escolar: la acumulación de tareas escolares; las pruebas y exámenes; la competencia por las notas entre aquellos que buscan destacarse; la lucha entre lo correcto y la solidaridad debida a los compañeros; el desconcierto del corazón cuando cree que ama, al mismo tiempo, a varias personas; las exigencias de maestros y padres, entre otras. |
| 650 ## - SUBJECT ADDED ENTRY--TOPICAL TERM | |
| Source of heading or term | La cabeza de Juan |
| 650 ## - SUBJECT ADDED ENTRY--TOPICAL TERM | |
| Source of heading or term | Jugar y aprender |
| 942 ## - ADDED ENTRY ELEMENTS (KOHA) | |
| Source of classification or shelving scheme | Dewey Decimal Classification |
| Koha item type | Libros |
| Suppress in OPAC | No |
| Withdrawn status | Lost status | Source of classification or shelving scheme | Damaged status | Not for loan | Collection | Home library | Current library | Shelving location | Date acquired | Inventory number | Total checkouts | Barcode | Date last seen | Copy number | Price effective from | Koha item type |
|---|---|---|---|---|---|---|---|---|---|---|---|---|---|---|---|---|
| Dewey Decimal Classification | Estantería F Fila 2 | Biblioteca Stanford | Biblioteca Stanford | Biblioteca Abierta | 20.10.2025 | 0442 | BIBLIO0442 | 20.10.2025 | 1 | 20.10.2025 | Libros |